<?xml version="1.0" encoding="UTF-8"?>
<record
    xmlns:xsi="http://www.w3.org/2001/XMLSchema-instance"
    xsi:schemaLocation="http://www.loc.gov/MARC21/slim http://www.loc.gov/standards/marcxml/schema/MARC21slim.xsd"
    xmlns="http://www.loc.gov/MARC21/slim">

  <leader>00895nam a22001817a 4500</leader>
  <controlfield tag="008">100706t    xxu||||| |||| 00| 0 ara d</controlfield>
  <datafield tag="082" ind1=" " ind2=" ">
    <subfield code="2">22</subfield>
    <subfield code="a">323.352</subfield>
    <subfield code="b">&#x645; &#x646; &#x647;&#x640;</subfield>
  </datafield>
  <datafield tag="245" ind1=" " ind2=" ">
    <subfield code="a">&#x627;&#x644;&#x645;&#x646;&#x647;&#x62C; &#x627;&#x644;&#x62A;&#x643;&#x627;&#x645;&#x644;&#x64A; &#x644;&#x643;&#x641;&#x627;&#x644;&#x629; &#x62D;&#x642;&#x648;&#x642; &#x627;&#x644;&#x637;&#x641;&#x644; /</subfield>
    <subfield code="c">&#x627;&#x644;&#x645;&#x62C;&#x644;&#x633; &#x627;&#x644;&#x639;&#x631;&#x628;&#x64A; &#x644;&#x644;&#x637;&#x641;&#x648;&#x644;&#x629; &#x648;&#x627;&#x644;&#x62A;&#x646;&#x645;&#x64A;&#x629;</subfield>
  </datafield>
  <datafield tag="260" ind1=" " ind2=" ">
    <subfield code="a">&#x627;&#x644;&#x642;&#x627;&#x647;&#x631;&#x629; :</subfield>
    <subfield code="b">&#x627;&#x644;&#x645;&#x62C;&#x644;&#x633; &#x60C; 2007</subfield>
    <subfield code="c">2007</subfield>
  </datafield>
  <datafield tag="300" ind1=" " ind2=" ">
    <subfield code="a">291 &#x635;&#x61B;</subfield>
    <subfield code="c">24 &#x633;&#x645;.</subfield>
  </datafield>
  <datafield tag="504" ind1=" " ind2=" ">
    <subfield code="a">&#x64A;&#x62D;&#x62A;&#x648;&#x64A; &#x639;&#x644;&#x64A; &#x627;&#x631;&#x62C;&#x627;&#x639;&#x627;&#x62A; &#x628;&#x628;&#x644;&#x64A;&#x648;&#x62C;&#x631;&#x627;&#x641;&#x64A;&#x629; </subfield>
  </datafield>
  <datafield tag="541" ind1=" " ind2=" ">
    <subfield code="a">&#x623;&#x644;&#x641; &#x628;&#x627;&#x621; &#x61B;</subfield>
    <subfield code="c">&#x634;&#x631;&#x627;&#x621; &#x61B;</subfield>
  </datafield>
  <datafield tag="650" ind1="0" ind2=" ">
    <subfield code="9">14986</subfield>
    <subfield code="a">&#x627;&#x644;&#x623;&#x637;&#x641;&#x627;&#x644;</subfield>
    <subfield code="x">&#x631;&#x639;&#x627;&#x64A;&#x629;</subfield>
  </datafield>
  <datafield tag="650" ind1="0" ind2=" ">
    <subfield code="9">22096</subfield>
    <subfield code="a">&#x627;&#x644;&#x623;&#x637;&#x641;&#x627;&#x644;</subfield>
    <subfield code="x">&#x62D;&#x642;&#x648;&#x642; &#x645;&#x62F;&#x646;&#x64A;&#x629;</subfield>
  </datafield>
  <datafield tag="710" ind1=" " ind2=" ">
    <subfield code="9">15943</subfield>
    <subfield code="a">&#x627;&#x644;&#x645;&#x62C;&#x644;&#x633; &#x627;&#x644;&#x639;&#x631;&#x628;&#x64A; &#x644;&#x644;&#x637;&#x641;&#x648;&#x644;&#x629; &#x648;&#x627;&#x644;&#x62A;&#x646;&#x645;&#x64A;&#x629;</subfield>
  </datafield>
  <datafield tag="942" ind1=" " ind2=" ">
    <subfield code="2">ddc</subfield>
    <subfield code="c">BB</subfield>
  </datafield>
  <datafield tag="999" ind1=" " ind2=" ">
    <subfield code="c">14390</subfield>
    <subfield code="d">14390</subfield>
  </datafield>
  <datafield tag="952" ind1=" " ind2=" ">
    <subfield code="0">0</subfield>
    <subfield code="1">0</subfield>
    <subfield code="2">ddc</subfield>
    <subfield code="4">0</subfield>
    <subfield code="7">0</subfield>
    <subfield code="8">Alef-Baa</subfield>
    <subfield code="a">MAIN</subfield>
    <subfield code="b">MAIN</subfield>
    <subfield code="c">1ST</subfield>
    <subfield code="d">2010-07-06</subfield>
    <subfield code="e">purchase</subfield>
    <subfield code="o">323.52  &#x645; &#x646; &#x647;</subfield>
    <subfield code="p">000021333</subfield>
    <subfield code="r">2025-07-15 00:00:00</subfield>
    <subfield code="s">2021-12-21</subfield>
    <subfield code="y">BB</subfield>
  </datafield>
</record>
